000 00743cam a22002413a 4500
001 10728
003 PGUSA
005 20140828083228.0
008 040101s2004||||xxu|||||s|||||000 1 eng d
040 _aPGUSA
_beng
042 _adc
050 4 _aPZ
100 1 _aWalton, O. F.,
_cMrs,
_d1849-1939
245 1 0 _aChristie, the King's Servant :
_bA Sequel to "Christie's Old Organ"
_h[electronic resource] /
_cO. F., Walton
260 _bProject Gutenberg,
_c2004
506 _aPublic domain in the USA.
516 _aElectronic text
653 _aChristian life -- Juvenile fiction
653 _aConduct of life -- Juvenile fiction
830 0 _aProject Gutenberg
_v10728
856 4 0 _uhttp://www.gutenberg.org/ebooks/10728
942 _cEB
999 _c239983
_d239983